000 01551nam a2200265 a 4500
001 000018710
005 20251009124641.0
008 100514s2010 dr g 000 0 spa d
020 _a9789945163421
040 _aDO-SdBNP
_bspa
_cBNPHU
082 _a658.812
_bS715y
100 1 _aSosa, José Rafael
_964
245 1 0 _aYo, el cliente /
_cJosé Rafael Sosa ; prólogo Altagracia Paulino.
246 1 4 _aYo, el cliente :
_b¿hay alguna razón lógica para que nos atiendan de ésta forma?
260 _aSanto Domingo :
_bBúho,
_c2010.
300 _axxv, 126 p. ;
_c22 cm.
505 0 _aPrólogo --
_tIntroducción --
_t¿Le parecen conocidas? --
_t¿Donde puede Ud. quejarse? --
_tPlaceres y deberes del quejarse --
_t¿Por qué se escribe Yo, el cliente?
_tLa magia de un servicio --
_tPara saber quiénes somos --
_tDecálogo de los nuevos clientes --
_t¿Había una vez ...
_t"¡Diga!"
_tOrange --
_tSecretarias o asistentes: ¿Sabe usted que en el país hay 10 modelos de atención? --
_tEl lado oscuro de nosotros los clientes --
_tYo no soy "El siguiente" --
_tLa cultura del deleite --
_tDenuncias y casos --
_tA veces llegan cartas --
_t¿Y si fuera en España? --
_tAl final del camino...
_tAnexos: Documentos y derechos que debe conocer y ... ejercer.
590 _aInventariado, 2018/ YL
650 4 _aServicio al cliente
_91161
650 0 _aRelaciones con los clientes
_919762
650 0 _aMercadotecnia
_96644
650 4 _aQuejas del consumidor
_940392
700 1 _aPaulino, Altagracia,
_epról.
_940393
910 _aValidado. Control de calidad EMS
999 _c18230
_d18230